[Event "22nd Rubinstein Memorial"]
[Site "Polanica Zdroj POL"]
[Date "1984.08.05"]
[Round "1"]
[White "Spiridonov, Nikola"]
[Black "Barbulescu, Dan"]
[WhiteElo "2415"]
[BlackElo "2465"]
[Result "0-1"]
[EventDate "1984.08.05"]
[PlyCount "92"]
1. c4 e5 2. Nc3 Nf6 3. Nf3 Nc6 4. d3 d5 5. cxd5 Nxd5 6. g3 Be7 7. Bg2 Nb6 8. O-O O-O 9. Be3 Kh8 10. Rc1 f5 11. Na4 f4 12. Bc5 e4 13. Ne1 Nxa4 14. Qxa4 Bxc5 15. Rxc5 Nd4 16. dxe4 Nxe2+ 17. Kh1 Bg4 18. Bf3 fxg3 19. fxg3 Qd2 20. Qa5 Qe3 21. Rf5 Bxf5 22. exf5 c6 23. Qb4 Nd4 24. Qxb7 Nxf3 25. Nxf3 Qe2 26. Kg1 Rab8 27. Qxa7 Rxb2 28. Rf2 Qxf2+ 29. Qxf2 Rxf2 30. Kxf2 Rxf5 31. Ke3 Ra5 32. Nd4 Ra3+ 33. Ke4 c5 34. Ne6 c4 35. Kd4 c3 36. Kd3 Rxa2 37. Kxc3 Rxh2 38. Ng5 h6 39. Ne4 g5 40. Kd3 Kg7 41. Ke3 Kg6 42. Kf3 h5 43. Nc3 Kf5 44. Ne2 Rxe2 45. Kxe2 Kg4 46. Kf2 Kh3 0-1

[Event "22nd Rubinstein Memorial"]
[Site "Polanica Zdroj POL"]
[Date "1984.08.07"]
[Round "3"]
[White "Pytel, Krzysztof"]
[Black "Kuligowski, Adam"]
[WhiteElo "2440"]
[BlackElo "2415"]
[Result "1/2-1/2"]
[EventDate "1984.08.05"]
[PlyCount "46"]
1. d4 d5 2. c4 c6 3. Nc3 Nf6 4. e3 g6 5. Nf3 Bg7 6. Bd3 O-O 7. O-O Bg4 8. h3 Bxf3 9. Qxf3 e6 10. Rd1 Nbd7 11. b3 Re8 12. Bf1 Qc7 13. Bb2 Rad8 14. Rac1 Qb8 15. g4 h6 16. Qg2 a6 17. Be2 dxc4 18. Bxc4 b5 19. Be2 c5 20. Ne4 Nxe4 21. Qxe4 cxd4 22. Bxd4 Bxd4 23. Qxd4 Nb6 1/2-1/2

[Event "22nd Rubinstein Memorial"]
[Site "Polanica Zdroj POL"]
[Date "1984.08.07"]
[Round "3"]
[White "Sznapik, Aleksander"]
[Black "Barbulescu, Dan"]
[WhiteElo "2445"]
[BlackElo "2465"]
[Result "1-0"]
[EventDate "1984.08.05"]
[PlyCount "79"]
1. e4 e6 2. d4 d5 3. Nd2 c5 4. exd5 exd5 5. Ngf3 Nc6 6. Bb5 Bd6 7. O-O cxd4 8. Nb3 Nge7 9. Bxc6+ bxc6 10. Qxd4 O-O 11. Bf4 Bf5 12. Bxd6 Qxd6 13. Qc3 Rab8 14. Rfe1 Rfe8 15. Nfd4 Be6 16. Re2 Rb4 17. Rae1 Rc4 18. Qg3 Qxg3 19. hxg3 Ng6 20. c3 Nf8 21. Na5 Ra4 22. Naxc6 Rxa2 23. f4 g6 24. g4 Ra8 25. f5 gxf5 26. gxf5 Bd7 27. Ne7+ Kg7 28. Nxd5 a5 29. Re3 Rxb2 30. Rg3+ Ng6 31. fxg6 hxg6 32. Rf3 a4 33. Re7 Bf5 34. Nxf5+ gxf5 35. Rxf5 Rb1+ 36. Kh2 Ra6 37. Rexf7+ Kh6 38. R7f6+ Rxf6 39. Rxf6+ Kg5 40. Rb6 1-0

[Event "22nd Rubinstein Memorial"]
[Site "Polanica Zdroj POL"]
[Date "1984.08.08"]
[Round "4"]
[White "Mokry, Karel"]
[Black "Pytel, Krzysztof"]
[WhiteElo "2470"]
[BlackElo "2440"]
[Result "1-0"]
[EventDate "1984.08.05"]
[PlyCount "51"]
1. e4 e6 2. d4 d5 3. Nc3 Bb4 4. Nge2 Nf6 5. e5 Nfd7 6. Qd3 c5 7. Qg3 cxd4 8. Qxg7 Rf8 9. Nxd4 Qb6 10. Be3 Bxc3+ 11. bxc3 Qb2 12. Nb5 Qxa1+ 13. Kd2 Nc6 14. Nc7+ Kd8 15. Nxa8 Ne7 16. Bxa7 Ng6 17. Bd4 Qxa2 18. Nb6 Qb1 19. Nxd7 Bxd7 20. Bd3 Qxh1 21. Bxg6 Re8 22. Bb6+ Kc8 23. Bxf7 d4 24. Bxe8 dxc3+ 25. Ke2 Bb5+ 26. Bxb5 1-0

[Event "22nd Rubinstein Memorial"]
[Site "Polanica Zdroj POL"]
[Date "1984.08.08"]
[Round "4"]
[White "Panczyk, Krzysztof"]
[Black "Lukacs, Peter"]
[WhiteElo "2440"]
[BlackElo "2470"]
[Result "0-1"]
[EventDate "1984.08.05"]
[PlyCount "64"]
1. d4 Nf6 2. c4 e6 3. Nc3 Bb4 4. e3 O-O 5. Bd3 d5 6. Nge2 c5 7. cxd5 cxd4 8. exd4 Nxd5 9. O-O Nc6 10. Be4 Nxc3 11. bxc3 Bd6 12. Qd3 h6 13. Rd1 Qc7 14. Ng3 Na5 15. Qf3 Bd7 16. Bc2 Bc6 17. Qd3 f5 18. Bb3 Qf7 19. f3 Rad8 20. Qe2 Nxb3 21. axb3 e5 22. dxe5 Bc5+ 23. Kh1 Qxb3 24. Bd2 Qe6 25. Nh5 Rfe8 26. Nf4 Qxe5 27. Qc4+ Kh7 28. Re1 Qd6 29. Ne6 Qd5 30. Qxc5 Rxe6 31. Qxa7 Rg6 32. Re2 Rxg2 0-1

[Event "22nd Rubinstein Memorial"]
[Site "Polanica Zdroj POL"]
[Date "1984.08.12"]
[Round "8"]
[White "Staniszewski, Piotr"]
[Black "Hawelko, Marek"]
[WhiteElo "2360"]
[BlackElo "2420"]
[Result "0-1"]
[EventDate "1984.08.05"]
[PlyCount "46"]
1. d4 Nf6 2. c4 e6 3. g3 d5 4. Bg2 Bb4+ 5. Nd2 O-O 6. Ngf3 Ne4 7. O-O Nc6 8. a3 Be7 9. Qc2 f5 10. b4 Bf6 11. Bb2 Ne7 12. b5 Bd7 13. Rac1 Rc8 14. cxd5 exd5 15. Qb3 Kh8 16. Rc2 Qe8 17. a4 a6 18. Rfc1 axb5 19. axb5 Bxb5 20. Rxc7 Rxc7 21. Rxc7 Bc6 22. Qb4 Qd8 23. Qa5 Nd6 0-1

[Event "22nd Rubinstein Memorial"]
[Site "Polanica Zdroj POL"]
[Date "1984.08.14"]
[Round "9"]
[White "Hawelko, Marek"]
[Black "Spiridonov, Nikola"]
[WhiteElo "2420"]
[BlackElo "2415"]
[Result "1-0"]
[EventDate "1984.08.05"]
[PlyCount "99"]
1. d4 Nf6 2. c4 e6 3. Nc3 Bb4 4. e3 c5 5. Bd3 d5 6. Nge2 cxd4 7. exd4 dxc4 8. Bxc4 O-O 9. O-O a6 10. a3 Bd6 11. Qd3 b5 12. Ba2 Bb7 13. Rd1 b4 14. axb4 Nc6 15. Qh3 Nxb4 16. Bb1 Re8 17. Nf4 Rc8 18. Be3 g6 19. Nd3 Nxd3 20. Bxd3 a5 21. Bb5 Bc6 22. Bxc6 Rxc6 23. Qf3 Nd5 24. Bd2 Bb4 25. Rac1 Rc8 26. Nxd5 Qxd5 27. Qxd5 exd5 28. Bxb4 axb4 29. Kf1 Kf8 30. Rc5 Ra8 31. Rb5 Ra4 32. g3 h5 33. h4 Kg7 34. Rxd5 Ra2 35. Rd2 Ra1+ 36. Kg2 Rb8 37. Rc5 Ra7 38. Kf3 Kf6 39. Rc6+ Kf5 40. Rdc2 Ra5 41. R6c5+ Rxc5 42. dxc5 b3 43. Rc3 Rc8 44. c6 Rc7 45. Rc5+ Ke6 46. Ke4 f6 47. Kd4 Ke7 48. Kd5 Kd8 49. Ra5 Ke7 50. Rb5 1-0

[Event "22nd Rubinstein Memorial"]
[Site "Polanica Zdroj POL"]
[Date "1984.08.14"]
[Round "9"]
[White "Pytel, Krzysztof"]
[Black "Zaichik, Gennadi"]
[WhiteElo "2440"]
[BlackElo "2465"]
[Result "1/2-1/2"]
[EventDate "1984.08.05"]
[PlyCount "48"]
1. d4 Nf6 2. c4 e6 3. Nc3 Bb4 4. e3 c5 5. Nge2 cxd4 6. exd4 O-O 7. a3 Be7 8. Nf4 d5 9. cxd5 Nxd5 10. Ncxd5 exd5 11. Bd3 Nc6 12. O-O Bf6 13. Be3 g6 14. Bc2 Qd6 15. Bb3 Be6 16. Qd2 Rac8 17. Rac1 Ne7 18. Rc5 b6 19. Rxc8 Rxc8 20. Rc1 Rxc1+ 21. Qxc1 Nc6 22. Qd2 Na5 23. Ba4 Nc4 24. Qc3 b5 1/2-1/2

[Event "22nd Rubinstein Memorial"]
[Site "Polanica Zdroj POL"]
[Date "1984.08.14"]
[Round "9"]
[White "Vilela de Acuna, Jose Luis"]
[Black "Panczyk, Krzysztof"]
[WhiteElo "2328"]
[BlackElo "2440"]
[Result "1-0"]
[EventDate "1984.08.05"]
[PlyCount "107"]
1. d4 Nf6 2. c4 e6 3. Nf3 c5 4. d5 exd5 5. cxd5 d6 6. Nc3 g6 7. g3 Bg7 8. Bg2 O-O 9. O-O Na6 10. Re1 Bd7 11. e4 Bg4 12. h3 Bxf3 13. Qxf3 Nd7 14. Bf1 Rc8 15. Qd1 c4 16. Be3 Qa5 17. Rc1 b5 18. a4 bxa4 19. Ra1 Nac5 20. Nxa4 Nb3 21. Ra3 Bxb2 22. Nxb2 Qxa3 23. Nxc4 Qb4 24. Nxd6 Ra8 25. Bf4 Nd4 26. Re3 a5 27. Rd3 Nb5 28. Nxb5 Qxb5 29. e5 Nc5 30. Rc3 Qb4 31. Rc4 Qb3 32. Qe2 Rfc8 33. e6 Nxe6 34. dxe6 Qxc4 35. Qxc4 Rxc4 36. Bxc4 fxe6 37. Bxe6+ Kf8 38. Bd6+ Ke8 39. Ba3 a4 40. Bd5 Ra6 41. Kg2 Kd7 42. Kf3 Rb6 43. h4 Rb1 44. Kf4 Ra1 45. Bf8 Ke8 46. Bc5 Rc1 47. Be3 Rc2 48. Bd4 Kd7 49. Ke3 Kd6 50. Bg8 h6 51. Bh7 a3 52. Bxg6 Rc4 53. Bf7 Ra4 54. Ba2 1-0

[Event "22nd Rubinstein Memorial"]
[Site "Polanica Zdroj POL"]
[Date "1984.08.18"]
[Round "13"]
[White "Kuligowski, Adam"]
[Black "Spiridonov, Nikola"]
[WhiteElo "2415"]
[BlackElo "2415"]
[Result "1/2-1/2"]
[EventDate "1984.08.05"]
[PlyCount "27"]
1. c4 c5 2. Nc3 Nc6 3. g3 g6 4. Bg2 Bg7 5. e3 e6 6. Nge2 Nge7 7. d4 cxd4 8. Nxd4 d5 9. cxd5 Nxd4 10. exd4 Nxd5 11. Nxd5 exd5 12. O-O O-O 13. Be3 Be6 14. Qd2 1/2-1/2

[Event "22nd Rubinstein Memorial"]
[Site "Polanica Zdroj POL"]
[Date "1984.08.18"]
[Round "13"]
[White "Panczyk, Krzysztof"]
[Black "Barbulescu, Dan"]
[WhiteElo "2440"]
[BlackElo "2465"]
[Result "1/2-1/2"]
[EventDate "1984.08.05"]
[PlyCount "81"]
1. d4 Nf6 2. c4 e6 3. Nc3 Bb4 4. e3 O-O 5. Bd3 d5 6. Nge2 c5 7. O-O cxd4 8. exd4 dxc4 9. Bxc4 Nbd7 10. a3 Be7 11. Qd3 Nb6 12. Ba2 Bd7 13. Bg5 Rc8 14. Rfe1 Na4 15. Nxa4 Bxa4 16. Nc3 Bc6 17. Rad1 Qa5 18. Qd2 Qd8 19. Qe2 Re8 20. Bxf6 Bxf6 21. Qg4 Qb6 22. d5 Bxc3 23. bxc3 Bxd5 24. Bxd5 exd5 25. Re7 Qc6 26. Rxe8+ Rxe8 27. Qd4 g6 28. h4 h5 29. Qxa7 Qxc3 30. Qxb7 Re1+ 31. Rxe1 Qxe1+ 32. Kh2 Qxf2 33. Qxd5 Qxh4+ 34. Kg1 Qe1+ 35. Kh2 Qh4+ 36. Kg1 Qf4 37. Qa8+ Kg7 38. a4 Qc1+ 39. Kf2 Qf4+ 40. Ke2 Qc4+ 41. Kd2 1/2-1/2

[Event "22nd Rubinstein Memorial"]
[Site "Polanica Zdroj POL"]
[Date "1984.08.19"]
[Round "14"]
[White "Lukacs, Peter"]
[Black "Eingorn, Vyacheslav"]
[WhiteElo "2470"]
[BlackElo "2495"]
[Result "1-0"]
[EventDate "1984.08.05"]
[PlyCount "73"]
1. d4 e6 2. c4 f5 3. g3 Nf6 4. Bg2 Bb4+ 5. Nd2 O-O 6. Ngf3 a5 7. O-O Kh8 8. Qc2 Nc6 9. a3 Bxd2 10. Bxd2 a4 11. Bg5 Ra5 12. Rad1 Ne7 13. Ne5 d6 14. Bxf6 Rxf6 15. Nd3 b6 16. Rfe1 Qf8 17. e4 fxe4 18. Bxe4 Ra7 19. d5 Qf7 20. Rd2 g5 21. Rde2 e5 22. f4 gxf4 23. gxf4 exf4 24. Qc3 Bg4 25. Rf2 Qg7 26. Rg2 f3 27. Rg3 h5 28. h3 Ng8 29. Nf2 Nh6 30. Kf1 Ra8 31. hxg4 hxg4 32. Nxg4 Nxg4 33. Rxg4 Qh6 34. Rg6 Qh1+ 35. Kf2 Qh4+ 36. Ke3 f2 37. Rh1 1-0

[Event "22nd Rubinstein Memorial"]
[Site "Polanica Zdroj POL"]
[Date "1984.08.19"]
[Round "14"]
[White "Pytel, Krzysztof"]
[Black "Hawelko, Marek"]
[WhiteElo "2440"]
[BlackElo "2420"]
[Result "0-1"]
[EventDate "1984.08.05"]
[PlyCount "52"]
1. d4 Nf6 2. c4 e6 3. Nc3 Bb4 4. e3 O-O 5. Nge2 d5 6. cxd5 exd5 7. g3 c6 8. Bg2 Bd6 9. O-O Re8 10. f3 c5 11. dxc5 Bxc5 12. Nf4 d4 13. Na4 b6 14. e4 Ba6 15. Re1 Nbd7 16. Nxc5 bxc5 17. b4 Ne5 18. bxc5 g5 19. Nh3 Nd3 20. Bxg5 Nxe1 21. Qxe1 Rc8 22. e5 d3 23. Bxf6 d2 24. Qd1 Qd4+ 25. Nf2 Rxc5 26. f4 Qxa1 0-1

[Event "22nd Rubinstein Memorial"]
[Site "Polanica Zdroj POL"]
[Date "1984.08.20"]
[Round "15"]
[White "Mokry, Karel"]
[Black "Zaichik, Gennadi"]
[WhiteElo "2470"]
[BlackElo "2465"]
[Result "1/2-1/2"]
[EventDate "1984.08.05"]
[PlyCount "22"]
1. e4 e5 2. Nf3 Nc6 3. Bb5 a6 4. Ba4 Nf6 5. O-O Be7 6. Bxc6 dxc6 7. d3 Nd7 8. Nbd2 O-O 9. Nc4 f6 10. Nh4 Nc5 11. Be3 Be6 1/2-1/2